[Event "ROM-ch U10 Boys"]
[Site "Voineasa"]
[Date "2008.04.13"]
[Round "3"]
[White "Oprea, Cristian"]
[Black "Grigore, Mihnea Theodor"]
[Result "1-0"]
[WhiteElo "500"]
[BlackElo "401"]
[PlyCount "85"]
[EventDate "2008.04.08"]
[EventType "swiss"]
[EventRounds "9"]
[EventCountry "ROU"]
[SourceTitle "EXT 2013"]
[Source "ChessBase"]
[SourceDate "2012.11.22"]
[SourceVersion "1"]
[SourceVersionDate "2012.11.22"]
[SourceQuality "1"]

1. e4 e5 2. Nf3 Nc6 3. d4 d6 4. dxe5 dxe5 5. Qxd8+ Nxd8 6. Nxe5 Bd6 7. Nf3 Nf6 8. Nc3 0-0 9. e5 Be7 10. exf6 Bxf6 11. Bd2 Re8+ 12. Be2 Nc6 13. 0-0 a6 14. Bc4 Nb4 15. Bb3 Be6 16. Bg5 Bxg5 17. Nxg5 Bxb3 18. cxb3 Nc2 19. Rac1 Nd4 20. Rfe1 Rxe1+ 21. Rxe1 Nc2 22. Re7 f6 23. Ne6 c6 24. Rxb7 Re8 25. f3 Rxe6 26. Ne4 Re5 27. Nd6 h6 28. Rb8+ Kh7 29. Nf7 Re7 30. Rf8 Kg6 31. Nd8 Rd7 32. Nxc6 Rf7 33. Rxf7 Kxf7 34. Kf2 Ke6 35. Ke2 Kd6 36. Kd2 Kxc6 37. Kxc2 g5 38. a4 f5 39. Kc3 h5 40. Kc4 g4 41. fxg4 hxg4 42. Kd4 Kd6 43. b4 1-0